[Event "Moscow Time of the First U15 Girls"]
[Site "Moscow"]
[Date "2019.06.20"]
[Round "5"]
[White "Badulina, Polina"]
[Black "Zontova, Olga"]
[Result "1/2-1/2"]
[WhiteElo "1112"]
[BlackElo "1153"]
[PlyCount "50"]
[EventDate "2019.06.17"]
[EventType "swiss"]
[EventRounds "9"]
[EventCountry "RUS"]
[SourceTitle "EXT 2021"]
[Source "ChessBase"]
[SourceDate "2020.10.23"]
[SourceVersion "1"]
[SourceVersionDate "2020.10.23"]
[SourceQuality "1"]

1. e4 c5 2. Nf3 Nc6 3. Bb5 d6 4. 0-0 Bd7 5. c3 Nf6 6. Re1 Qc7 7. d4 cxd4 8. Nxd4 e6 9. Kh1 Be7 10. f3 a6 11. Nxc6 bxc6 12. Ba4 0-0 13. c4 Rab8 14. b3 e5 15. Nc3 Be6 16. Bg5 Rfd8 17. Bxf6 Bxf6 18. Qc2 d5 19. exd5 cxd5 20. cxd5 Bxd5 21. Rac1 Rbc8 22. Qe2 a5 23. h3 Qb7 24. Nxd5 Rxd5 25. Rxc8+ Qxc8 1/2-1/2

[Event "Moscow Time of the First U15 Girls"]
[Site "Moscow"]
[Date "2019.06.18"]
[Round "3"]
[White "Korchagina, Darina"]
[Black "Zontova, Olga"]
[Result "1-0"]
[WhiteElo "1150"]
[BlackElo "1153"]
[PlyCount "97"]
[EventDate "2019.06.17"]
[EventType "swiss"]
[EventRounds "9"]
[EventCountry "RUS"]
[SourceTitle "EXT 2021"]
[Source "ChessBase"]
[SourceDate "2020.10.23"]
[SourceVersion "1"]
[SourceVersionDate "2020.10.23"]
[SourceQuality "1"]

1. d4 d5 2. Bf4 Nc6 3. e3 Nf6 4. Nf3 Bf5 5. c4 e6 6. cxd5 Nxd5 7. Bb5 Nxf4 8. Bxc6+ bxc6 9. exf4 Bd6 10. Qd2 Be4 11. Qe2 Bd5 12. f5 0-0 13. fxe6 Bxe6 14. 0-0 Re8 15. Qd3 Rb8 16. b3 c5 17. dxc5 Bxc5 18. Qxd8 Rexd8 19. Nc3 Rd3 20. Ne4 Bb6 21. Rad1 Rbd8 22. Rde1 Bd5 23. Re2 f5 24. Ned2 Ba5 25. Re3 Rxe3 26. fxe3 Bxf3 27. Nxf3 Rd3 28. Kf2 Rc3 29. Nd4 Rc5 30. Kg3 g6 31. Kf4 Bc3 32. g4 Bxd4 33. exd4 Rd5 34. Rd1 fxg4 35. Kxg4 c5 36. Kf4 cxd4 37. Ke4 Rh5 38. Rxd4 Rxh2 39. Rd8+ Kf7 40. Rd7+ Ke6 41. Rxa7 Kd6 42. b4 Rh4+ 43. Kd3 Kc6 44. Rf7 g5 45. Kc3 Rh6 46. a4 g4 47. b5+ Kb6 48. Kb4 Rg6 49. a5# 1-0